[Event "ARG-ch sf 98th"]
[Site "Buenos Aires"]
[Date "2023.05.06"]
[Round "8"]
[White "Ronco, Raul"]
[Black "Pradines, Ernesto"]
[Result "1-0"]
[WhiteElo "2058"]
[BlackElo "1654"]
[PlyCount "53"]
[EventDate "2023.04.29"]
[EventType "swiss"]
[EventRounds "9"]
[EventCountry "ARG"]
[SourceTitle "CBM 214 Extra"]
[Source "ChessBase"]
[SourceDate "2023.07.31"]
[SourceVersion "1"]
[SourceVersionDate "2023.07.31"]
[SourceQuality "1"]

1. d4 Nf6 2. c4 e6 3. Nf3 c5 4. d5 exd5 5. cxd5 d6 6. Nc3 g6 7. e4 Bg4 8. Be2 Bxf3 9. Bxf3 Bg7 10. 0-0 0-0 11. Re1 Re8 12. Bf4 a6 13. a4 Qc7 14. Rc1 Nbd7 15. b4 Bf8 16. g3 cxb4 17. Nb5 Qb6 18. Nc7 Nc5 19. Nxa8 Rxa8 20. e5 dxe5 21. Bxe5 Nfd7 22. Bb2 b3 23. Qd4 f6 24. Bg4 Ne5 25. Rxe5 fxe5 26. Qxe5 Qb4 27. Be6+ 1-0

[Event "ARG-ch sf 98th"]
[Site "Buenos Aires"]
[Date "2023.05.04"]
[Round "6"]
[White "Pradines, Ernesto"]
[Black "Asad, Jonathan"]
[Result "1-0"]
[WhiteElo "1654"]
[BlackElo "1844"]
[PlyCount "75"]
[EventDate "2023.04.29"]
[EventType "swiss"]
[EventRounds "9"]
[EventCountry "ARG"]
[SourceTitle "CBM 214 Extra"]
[Source "ChessBase"]
[SourceDate "2023.07.31"]
[SourceVersion "1"]
[SourceVersionDate "2023.07.31"]
[SourceQuality "1"]

1. d4 Nf6 2. c4 e5 3. dxe5 Ng4 4. e4 Nxe5 5. f4 Bb4+ 6. Bd2 Bxd2+ 7. Nxd2 Nec6 8. Ngf3 0-0 9. Be2 d6 10. 0-0 Bg4 11. h3 Bxf3 12. Nxf3 Nd7 13. Nd4 Nxd4 14. Qxd4 Qe7 15. b4 a5 16. a3 Rfe8 17. Bd3 Nf8 18. Rae1 Ne6 19. Qd5 axb4 20. axb4 Ra3 21. Re3 Qh4 22. e5 c6 23. Qe4 d5 24. cxd5 cxd5 25. Qxh7+ Qxh7 26. Bxh7+ Kxh7 27. Rxa3 Rd8 28. g3 Nd4 29. Rd1 Nb5 30. Rad3 d4 31. Kf2 Kg8 32. Kf3 Kf8 33. Ke4 Ke7 34. Rc1 b6 35. Rc6 Nc3+ 36. Rcxc3 dxc3 37. Rxd8 Kxd8 38. Kd3 1-0

[Event "Vicente Lopez ProAm 100 Years op"]
[Site "Buenos Aires"]
[Date "2022.10.16"]
[Round "7"]
[White "Pradines, Ernesto"]
[Black "Ferreira, Sebastian"]
[Result "0-1"]
[WhiteElo "1667"]
[BlackElo "1799"]
[PlyCount "56"]
[EventDate "2022.10.11"]
[EventType "swiss"]
[EventRounds "9"]
[EventCountry "ARG"]
[SourceTitle "CBM 210 Extra"]
[Source "ChessBase"]
[SourceDate "2022.11.30"]
[SourceVersion "1"]
[SourceVersionDate "2022.11.30"]
[SourceQuality "1"]

1. d4 Nf6 2. c4 e5 3. dxe5 Ng4 4. e4 Nxe5 5. f4 Ng6 6. Be3 Nc6 7. Nf3 Bb4+ 8. Nbd2 0-0 9. Bd3 d6 10. 0-0 Re8 11. Nb3 Ba5 12. Nxa5 Nxa5 13. Qc2 Nc6 14. a3 a5 15. Rad1 b6 16. Rfe1 Qf6 17. e5 dxe5 18. fxe5 Ncxe5 19. Nxe5 Nxe5 20. Bxh7+ Kh8 21. Be4 Rb8 22. Bd4 Qg5 23. Re3 Bg4 24. Rf1 c5 25. Rg3 cxd4 26. h3 Qh4 27. Rxg4 Nxg4 28. Rf4 Qe1+ 0-1

[Event "Vicente Lopez ProAm 100 Years op"]
[Site "Buenos Aires"]
[Date "2022.10.14"]
[Round "4"]
[White "Pradines, Ernesto"]
[Black "Fiorenza, Brandon"]
[Result "0-1"]
[WhiteElo "1667"]
[BlackElo "1821"]
[PlyCount "104"]
[EventDate "2022.10.11"]
[EventType "swiss"]
[EventRounds "9"]
[EventCountry "ARG"]
[SourceTitle "CBM 210 Extra"]
[Source "ChessBase"]
[SourceDate "2022.11.30"]
[SourceVersion "1"]
[SourceVersionDate "2022.11.30"]
[SourceQuality "1"]

1. Nf3 Nf6 2. b3 g6 3. Bb2 Bg7 4. g3 d5 5. c4 c5 6. cxd5 Qxd5 7. Bg2 Nc6 8. 0-0 Qh5 9. Qc2 0-0 10. Rc1 b6 11. a3 Bf5 12. d3 Rac8 13. Nbd2 Bh3 14. Bh1 Nd4 15. Qd1 Ng4 16. Rab1 Nxh2 17. Nxd4 cxd4 18. Kxh2 Bf1+ 19. Kg1 Bxe2 20. Qe1 Bxd3 21. Rxc8 Rxc8 22. Rc1 Rxc1 23. Bxc1 e5 24. Bf3 Qg5 25. Be4 Ba6 26. Nf3 Qe7 27. Qb4 Qxb4 28. axb4 f5 29. Bd5+ Kf8 30. Bc4 b5 31. Bd5 h6 32. Nh4 Ke7 33. Nxg6+ Kd6 34. Ba8 Bc8 35. Kf1 Be6 36. Nh4 e4 37. g4 fxg4 38. Bxe4 Bf6 39. Nf5+ Ke5 40. Nxd4 Kxd4 41. Bc6 Kc3 42. Bxb5 Kxb4 43. Bc4 Bxc4+ 44. bxc4 Bg5 45. Bb2 Kxc4 46. Kg2 Bf4 47. Bf6 a5 48. Kf1 Kd3 49. Ke1 a4 50. Kd1 a3 51. Bg7 a2 52. Bf6 h5 0-1

[Event "Buenos Aires Szmetan Giardelli op"]
[Site "Buenos Aires"]
[Date "2018.12.11"]
[Round "8"]
[White "Curia, Santiago Jose"]
[Black "Pradines, Ernesto"]
[Result "1-0"]
[WhiteElo "2041"]
[BlackElo "1687"]
[PlyCount "75"]
[EventDate "2018.12.04"]
[EventType "swiss"]
[EventRounds "9"]
[EventCountry "ARG"]
[SourceTitle "CBM 187 Extra"]
[Source "ChessBase"]
[SourceDate "2018.11.04"]
[SourceVersion "1"]
[SourceVersionDate "2018.11.04"]
[SourceQuality "1"]

1. e4 e5 2. Nf3 Nc6 3. Bb5 a6 4. Ba4 Nf6 5. Qe2 b5 6. Bb3 Be7 7. 0-0 d6 8. c3 0-0 9. Rd1 Na5 10. Bc2 c5 11. d3 Nc6 12. Nbd2 Re8 13. Nf1 h6 14. h3 Bf8 15. g4 g5 16. Ng3 Ne7 17. Nf5 Ng6 18. Kh2 Ra7 19. Rg1 Nh7 20. Bb3 Be6 21. Be3 Rd7 22. h4 Kh8 23. hxg5 Nxg5 24. Rh1 f6 25. Bxe6 Rxe6 26. Kg2 Rh7 27. Rh5 Nf4+ 28. Bxf4 exf4 29. Rah1 Nf7 30. N3h4 Kg8 31. Ng6 Bg7 32. Nxf4 Re8 33. Nd5 Re5 34. Qe3 Qf8 35. Qf4 Ng5 36. Nxg7 Rxd5 37. exd5 Qxg7 38. Qxd6 1-0

[Event "Buenos Aires Szmetan Giardelli op"]
[Site "Buenos Aires"]
[Date "2018.12.06"]
[Round "3"]
[White "Sarquis, Maria Belen"]
[Black "Pradines, Ernesto"]
[Result "1-0"]
[WhiteElo "2141"]
[BlackElo "1687"]
[PlyCount "53"]
[EventDate "2018.12.04"]
[EventType "swiss"]
[EventRounds "9"]
[EventCountry "ARG"]
[SourceTitle "CBM 187 Extra"]
[Source "ChessBase"]
[SourceDate "2018.11.04"]
[SourceVersion "1"]
[SourceVersionDate "2018.11.04"]
[SourceQuality "1"]

1. e4 e5 2. Nf3 Nc6 3. Bc4 Bc5 4. c3 Nf6 5. d3 a6 6. a4 Ba7 7. 0-0 h6 8. Re1 d6 9. Na3 0-0 10. h3 Be6 11. Bxe6 fxe6 12. d4 exd4 13. cxd4 d5 14. e5 Ne4 15. Be3 Rc8 16. Nc2 a5 17. Nd2 Nxd2 18. Qxd2 Bb6 19. Ra3 Ne7 20. Rc1 Nf5 21. Ne1 Qe7 22. Rb3 Qd7 23. Rb5 Qd8 24. Qc3 Rf7 25. Rxb6 Nxe3 26. fxe3 Qf8 27. Nd3 1-0

[Event "Buenos Aires Szmetan Giardelli op"]
[Site "Buenos Aires"]
[Date "2018.12.05"]
[Round "2"]
[White "Pradines, Ernesto"]
[Black "Chiarot, Cesar"]
[Result "0-1"]
[WhiteElo "1687"]
[BlackElo "2251"]
[PlyCount "68"]
[EventDate "2018.12.04"]
[EventType "swiss"]
[EventRounds "9"]
[EventCountry "ARG"]
[SourceTitle "CBM 187 Extra"]
[Source "ChessBase"]
[SourceDate "2018.11.04"]
[SourceVersion "1"]
[SourceVersionDate "2018.11.04"]
[SourceQuality "1"]

1. d4 d5 2. c4 c6 3. Nf3 Nf6 4. cxd5 cxd5 5. Bf4 Nc6 6. Nc3 a6 7. e3 e6 8. a3 Be7 9. Bd3 0-0 10. 0-0 Bd7 11. Rc1 Qa5 12. Ne5 Rfc8 13. Bg5 Be8 14. f4 Qd8 15. Rf3 g6 16. h3 b6 17. g4 Nxe5 18. dxe5 Nd7 19. Bh6 Ra7 20. Rf2 Rac7 21. Rfc2 Nb8 22. f5 Bg5 23. Bxg5 Qxg5 24. Qe2 exf5 25. Ne4 dxe4 26. Rxc7 exd3 27. Qxd3 Rxc7 28. Rxc7 fxg4 29. hxg4 Qxg4+ 30. Kf2 Qh4+ 31. Ke2 Bc6 32. b3 Qh2+ 33. Ke1 Qxe5 34. Rxc6 Qg3+ 0-1

[Event "ARG-ch sf 93rd"]
[Site "Buenos Aires"]
[Date "2018.05.21"]
[Round "3"]
[White "Koch, Juan Enrique"]
[Black "Pradines, Ernesto"]
[Result "1-0"]
[WhiteElo "1961"]
[BlackElo "1693"]
[PlyCount "119"]
[EventDate "2018.05.19"]
[EventType "swiss"]
[EventRounds "9"]
[EventCountry "ARG"]
[SourceTitle "CBM 184 Extra"]
[Source "ChessBase"]
[SourceDate "2018.06.28"]
[SourceVersion "1"]
[SourceVersionDate "2018.06.28"]
[SourceQuality "1"]

1. Nf3 Nf6 2. c4 e6 3. g3 Be7 4. Bg2 0-0 5. 0-0 d5 6. d4 dxc4 7. Qc2 a6 8. Qxc4 b5 9. Qc2 Bb7 10. Bf4 Nd5 11. Bd2 Nf6 12. Rd1 Be4 13. Qc1 Nbd7 14. Ba5 Ra7 15. Nbd2 Bd5 16. b4 Qa8 17. Bh3 Bd6 18. Qb2 Re8 19. Ne5 g5 20. f3 g4 21. Nxd7 Nxd7 22. Bxg4 f5 23. Bh3 Re7 24. Re1 Nf6 25. Bg2 f4 26. e4 fxe3 27. Rxe3 h5 28. Ne4 Qf8 29. Nxd6 cxd6 30. Rae1 h4 31. g4 Rg7 32. h3 Rad7 33. Qc2 Nh7 34. Rc3 Qf4 35. Rc8+ Nf8 36. Qf2 Rdf7 37. Bd8 Rh7 38. g5 Bxf3 39. Bxf3 Qxf3 40. Qxf3 Rxf3 41. Rf1 Rxf1+ 42. Kxf1 Rf7+ 43. Bf6 Ra7 44. Kg2 Kf7 45. Kf3 Nd7 46. Bd8 Nf8 47. Kg4 Ng6 48. Rc7+ Rxc7 49. Bxc7 d5 50. Bd6 Kg7 51. Bh2 Kf7 52. Bg1 Ke7 53. Bf2 e5 54. Kf5 Nf4 55. dxe5 Nxh3 56. Bc5+ Kf7 57. e6+ Kg8 58. Kg4 Nxg5 59. Kxg5 h3 60. Kg6 1-0

[Event "ARG-ch sf 93rd"]
[Site "Buenos Aires"]
[Date "2018.05.19"]
[Round "1"]
[White "Fernandez, Maria Florencia"]
[Black "Pradines, Ernesto"]
[Result "1-0"]
[WhiteElo "2159"]
[BlackElo "1693"]
[PlyCount "97"]
[EventDate "2018.05.19"]
[EventType "swiss"]
[EventRounds "9"]
[EventCountry "ARG"]
[SourceTitle "CBM 184 Extra"]
[Source "ChessBase"]
[SourceDate "2018.06.28"]
[SourceVersion "1"]
[SourceVersionDate "2018.06.28"]
[SourceQuality "1"]

1. d4 Nf6 2. c4 e5 3. dxe5 Ng4 4. Bf4 Nc6 5. Nf3 Bb4+ 6. Nbd2 Qe7 7. e3 Ngxe5 8. Nxe5 Nxe5 9. a3 Bxd2+ 10. Qxd2 d6 11. Be2 Ng6 12. Bg3 h5 13. h4 Bg4 14. 0-0-0 Bxe2 15. Qxe2 0-0-0 16. Rd5 Qe6 17. Rhd1 Qg4 18. Qc2 Ne7 19. Rg5 Qe6 20. Rxg7 Nf5 21. Rg5 Nxg3 22. Rxg3 Rhg8 23. Rxg8 Rxg8 24. g3 c6 25. b3 Kc7 26. Rd2 Qe5 27. Qb2 Qe6 28. Qd4 b6 29. Kb2 f6 30. Ka2 Rg4 31. Qd3 Rg7 32. Qc2 a6 33. Qd1 Rg4 34. Qc2 Rg7 35. Qd3 b5 36. cxb5 axb5 37. Qd4 c5 38. Qd5 Qe5 39. Qa8 Rd7 40. Qa5+ Kc6 41. Qa6+ Kc7 42. Qxb5 f5 43. Qc4 Kc6 44. b4 Rb7 45. f4 Qe4 46. Qa6+ Rb6 47. Rxd6+ Kxd6 48. Qxb6+ Kd7 49. Qxc5 1-0